000 00333nam a2200145Ia 4500
003 OSt
008 191201s2014 xx 000 0 und d
100 _aLAL, D
245 0 _aWater Supply and Waste Water Engineering
250 _aRep
260 _aN. Delhi
_bKatson
_c2014
300 _aMISC
650 _aB.Tech(CE)
942 _2ddc
_cBK
999 _c5890
_d5890